| 000 | 00680nam a2200217 i 4500 | ||
|---|---|---|---|
| 001 | 89510 | ||
| 003 | ES-MaACL | ||
| 007 | t| | ||
| 008 | 050111e1912 fr ||||1| fre d | ||
| 080 | _a821.133.1.09 | ||
| 100 | 1 |
_aLanson, Gustave, _d1857-1934 _eaut _970098 |
|
| 245 | 1 | 0 |
_aHistoire de la littérature française / _cGustave Lanson. |
| 250 | _a12eme ed. rev. | ||
| 260 |
_aParis : _bHachette, _c1912. |
||
| 300 |
_aXVI, 1204 páginas ; _c20 cm. |
||
| 650 | 4 |
_914586 _aLiteratura francesa- _xHistoria y crítica |
|
| 852 |
_aES-MaACL _cDEPO2 _jG-1102 _hDonativo Peiper |
||
| 942 |
_2udc _cMONOGRAFIA _n0 |
||
| 999 |
_c89510 _d89510 |
||